Synergia mestského a kongresového cestovného ruchu

Obsahové vymedzenie mestského a kongresového cestovného ruchu. Charakteristika kongresových služieb a im zodpovedajúcej vybavenosti. Význam organizačnej jednotky kongresového CR. Prístup k tvorbe modelov.

Saved in:
Bibliographic Details
Main Author: Pachingerová, Mária
Format: Book Chapter
Language:Slovak
Subjects:
Tags: Add Tag
No Tags, Be the first to tag this record!

MARC

LEADER 00000naa a2200000 4500
001 r049216
005 20230918082324.5
041 0 |a slo 
044 |a SK 
245 1 0 |a Synergia mestského a kongresového cestovného ruchu  |c Mária Pachingerová 
520 |a Obsahové vymedzenie mestského a kongresového cestovného ruchu. Charakteristika kongresových služieb a im zodpovedajúcej vybavenosti. Význam organizačnej jednotky kongresového CR. Prístup k tvorbe modelov. 
610 2 0 |a ruch cestovný 
610 2 0 |a ruch cestovný kongresový 
610 2 0 |a ruch cestovný mestský 
610 2 0 |a služby 
610 2 0 |a modely ekonomicko-matematické 
100 1 |a Pachingerová, Mária